000
00248nam a2200109Ia 4500
008
190216s9999||||xx |||||||||||||| ||und||
100
_a
Azhar Kazmi
245
0
_a
Business Policy
260
_b
Sulthan Chand&Sons
_c
2000
300
_a
457p
942
_c
BK
999
_c
6117
_d
6117